000 00999 a2200205 4500
003 Nust
005 20221121093720.0
010 _a6628306
040 _cNust
082 _a515.35,NAG
100 _aNielsen Kaj L.
_939242
245 _aDifferential Equations /
_cNielsen Kaj L.
250 _a2nd ed.
260 _aNew york
_bBarnes and Noble
_c1966
300 _a275p
505 _aFoundations (Page-1), Definitions And Fundamentals (Page-21), First Order Differential Equations Of The First Degree (Page-32), First Order Equations Of Higher Degree (Page-58), Geometric Applications (Page-71), Operational Methods (Page-108), Applications (Page-122), Sys Of Equations (Page-141), Solution In Power Series (Page-156), Numerical Methods (Page-175), Partial Differential Equations Of Higher Order (Page-200), Elementary Scientific Analysis (Page-214), The Laplace Transform (Page-242).
600 _aNiesen Kaj L
_9103223
650 _aDifferential Equations
_9688
942 _2ddc
_cBK
_k515.35,NAG
999 _c181485
_d181485